Studying film with André Bazin /

The impact of French film critic André Bazin (1918-1958) on the development of film studies, though generally acknowledged, remains contested. Although he was a passionate initiator of film culture during his lifetime, his ideas have been challenged, defended and revived throughout his afterlife. &#...

Full description

Bibliographic Details
Main Author: Joret, Blandine (Author)
Corporate Author: JSTOR (Organization)
Format: eBook
Language:English
Published: Amsterdam : Amsterdam University Press, [2019]
Series:Film theory in media history.
Subjects:
Online Access:Connect to the full text of this electronic book

MARC

Tag First Indicator Second Indicator Subfields
LEADER 00000cam a2200000 i 4500
001 in00004635513
006 m o d
007 cr |||||||||||
008 201124s2019 ne ob 001 0 eng
005 20230103223501.2
010 |a  2020426472 
035 |a (OCoLC)on1127654470 
040 |a DLC  |b eng  |e rda  |e pn  |c DLC  |d OCLCF  |d DEGRU  |d OAPEN  |d UKKNU  |d JSTOR  |d OCLCO  |d OIP  |d OCLCO  |d OCLCQ  |d EBLCP 
020 |a 9789048542086  |q (eisbn) 
020 |a 9048542081 
020 |z 9789462989528  |q (pbk) 
020 |z 9462989524 
035 |a (OCoLC)1127654470 
037 |a 22573/ctvrs8sv7  |b JSTOR 
042 |a pcc 
050 0 0 |a PN1998.3.B39 
072 7 |a PER  |x 004010  |2 bisacsh 
072 7 |a ART  |x 057000  |2 bisacsh 
082 0 4 |a 791.43092  |2 23 
049 |a TXAM 
100 1 |a Joret, Blandine,  |e author. 
245 1 0 |a Studying film with André Bazin /  |c Blandine Joret. 
264 1 |a Amsterdam :  |b Amsterdam University Press,  |c [2019] 
300 |a 1 online resource (191 pages). 
336 |a text  |b txt  |2 rdacontent 
337 |a computer  |b c  |2 rdamedia 
338 |a online resource  |b cr  |2 rdacarrier 
490 1 |a Film theory in media history 
504 |a Includes bibliographical references and index. 
588 |a Description based on online resource; title from PDF title page (viewed November 24, 2020). 
505 0 0 |t Frontmatter --  |t Table of Contents --  |t Preface --  |t 1. Studying Film --  |t 2. The Art of Reality --  |t 3. Film and the Other Arts --  |t 4. A Matter of Form --  |t Epilogue: Unknown Arts, New Media --  |t About the Author --  |t Index 
520 8 |a The impact of French film critic André Bazin (1918-1958) on the development of film studies, though generally acknowledged, remains contested. Although he was a passionate initiator of film culture during his lifetime, his ideas have been challenged, defended and revived throughout his afterlife. 'Studying Film with André Bazin' offers an entirely original interpretation of major concepts from Bazin's legacy, such as auteur theory, realism, film language and the influence of film on other arts (poetry and painting in particular). By examining mostly unknown and uncollected texts, Blandine Joret explains Bazin's methodology and adopts it in a contemporary reading, linking his ideas to major philosophical and scientific frameworks as well as more recent media practices such as advertising, CGI, 3D cinema and Virtual Reality. In tune with 21st-century concerns in media culture and film studies, this book addresses a wide readership of film scholars, students and cinephiles. 
600 1 0 |a Bazin, André,  |d 1918-1958  |x Criticism and interpretation. 
600 1 7 |a Bazin, André,  |d 1918-1958.  |2 fast  |0 (OCoLC)fst00001378 
650 0 |a Motion pictures  |x Philosophy. 
650 7 |a Film theory & criticism.  |2 bicssc 
650 7 |a Individual film directors, film-makers.  |2 bicssc 
650 7 |a PERFORMING ARTS / Film & Video / Direction & Production  |2 bisacsh 
650 7 |a Motion pictures  |x Philosophy.  |2 fast  |0 (OCoLC)fst01027348 
655 7 |a Electronic books.  |2 local 
655 7 |a Criticism, interpretation, etc.  |2 fast  |0 (OCoLC)fst01411635 
710 2 |a JSTOR (Organization) 
776 0 8 |i Print version:  |a Joret, Blandine.  |t Studying film with André Bazin.  |d Amsterdam : Amsterdam University Press, [2019]  |z 9789462989528 
830 0 |a Film theory in media history. 
856 4 0 |u https://www.jstor.org/stable/10.2307/j.ctvrs8xh6  |z Connect to the full text of this electronic book  |t 0 
955 |a JSTOR Open Access ebooks 
994 |a 92  |b TXA 
999 f f |s 76e6b9f5-24b6-4501-92d1-3db451062e93  |i 0fc8bd48-b48b-45bf-96ab-221a375f198c  |t 0 
952 f f |a Texas A&M University  |b College Station  |c Electronic Resources  |d Available Online  |t 0  |e PN1998.3.B39   |h Library of Congress classification 
998 f f |a PN1998.3.B39   |t 0  |l Available Online